| 000 | 00498ntaaa2200205 4500 | ||
|---|---|---|---|
| 003 | 01 | ||
| 005 | 20251027201930.0 | ||
| 008 | 0714s1973 ag 01 | ||
| 040 |
_aAR-BaBN _bspa _cAR-BaBN _eaacr _dRIC |
||
| 082 | _a244.4160 T66o | ||
| 100 |
_aTownsend, N. Earl _917883 |
||
| 245 | _aObras navideñas | ||
| 250 | _a1 ed. | ||
| 260 |
_aBuenos Aires : _bEdiciones Luteranas, _cn.f. |
||
| 300 | _a78 p. | ||
| 500 | _adrama de Navidad | ||
| 650 | _aNavidad | ||
| 650 | _aDramatización | ||
| 942 | _cBK | ||
| 999 |
_c14033 _d14033 |
||